Kybernetika

Bibliographic Details
Format: Serial
Language:English
Published: Praha Academia

MARC

LEADER 00000nas a2200000 a 4500
001 vtls010526280
003 SK-MaSNL
005 20260221122629.0
008 130710c mr1 0 0eng d
040 |a SNK  |b slo  |c SNK 
245 0 0 |a Kybernetika 
260 |a Praha  |b Academia 
500 |a Popis podľa:Roč. 12, č. , rok 1976 
910 |a snk 
999 |c 9482  |d 11412 
952 |0 0  |1 1  |3 Rekatalogizácia  |4 0  |7 0  |a SNK  |b SNK  |d 2013-07-10  |i snkČIP 1360/77  |l 0  |o snkČC 2323/12/1976  |p 17A1022357  |r 2026-02-21 21:02:29  |w 2026-02-21  |y PREZ